000
00318nam a22001457a 4500
008
211011b ||||| |||| 00| 0 eng d
020
_a
9780973140910
041
_a
eng
080
_a
610
082
_a
610
100
_a
4
101
_a
SHM
245
_a
Glutathione your key to health
_c
Gutman,J
942
_2
udc
_c
BK
999
_c
58142
_d
58142